=LDR 00000nam 2200000 4500 =001 INLIS000000000028603 =005 20130612130908 =008 ***********************************Ind** =035 ##$$0010-061300000028603 =041 ##$$a Ind =082 ##$$a 920 =090 ##$$a 920, Kar k =245 ##$$a Kartini, surat-surat kepada Ny. R.M. Abendanon Mandri dan suaminya =260 ##$$a 2000 $b Jakarta =300 ##$$a xxi, 603 hlm, ilus, 24 cm =650 ##$$a Bigrafi =850 ##$$a NBPNMAT